00489nam a2200157Ia 4500008004100000082001800041100001700059245003200076250000800108260002400116300001000140650001300150942001200163952014100175999001500316150201s2006 xx 000 0 und d a616.462bP06K aKENNEDY, LEE aPROBLEM SOLVING IN DIABETES a1ST bJAYPEEaDELHIc2006 a1-237 aDIABETES 2ddccBK 00102ddc40708MEDICALaFMbFMcTXTd2014-03-24eCOMP.iSGTUl2o616.462 P06KpFM5999r2025-12-19 00:00:00s2025-08-20w2014-03-24yBK c1756d1756